Comparative economic systems. (7th ed.) (Record no. 79577)

MARC details
000 -LEADER
fixed length control field 00883nam a2200193 a 4500
008 - FIXED-LENGTH DATA ELEMENTS--GENERAL INFORMATION
fixed length control field 120416s1966 ||||||||||||||||| || u
050 ## - LIBRARY OF CONGRESS CALL NUMBER
Classification number HD 82 Lou
100 ## - MAIN ENTRY--PERSONAL NAME
Personal name Loucks, William Negele
245 10 - TITLE STATEMENT
Title Comparative economic systems. (7th ed.)
250 ## - EDITION STATEMENT
Edition statement 7th ed.
260 ## - PUBLICATION, DISTRIBUTION, ETC.
Place of publication, distribution, etc. New York:
Name of publisher, distributor, etc. Harper and Row
Date of publication, distribution, etc. 1966
300 ## - PHYSICAL DESCRIPTION
Extent x, 758p.
350 ## -
-- 0.00
650 #0 - SUBJECT ADDED ENTRY--TOPICAL TERM
Topical term or geographic name entry element ECONOMIC POLICY
650 #0 - SUBJECT ADDED ENTRY--TOPICAL TERM
Topical term or geographic name entry element ECONOMICS
995 ## -
-- ANNEX COLLECTION (Main Library)
-- 0.00
-- 710243
-- CBU-MAIN LIBRARY (Kitwe)
-- 1
-- 0.00
-- HD 82 Lou
-- 1
-- AVAILABLE
-- 003909
-- Annex Low-Usage Collection
995 ## -
-- MAIN LIBRARY OPEN ACCESS
-- 0.00
-- 710244
-- CBU-MAIN LIBRARY (Kitwe)
-- 2
-- 0.00
-- HD 82 Lou
-- 2
-- AVAILABLE
-- 003910
-- Main Library Open Access Collection
995 ## -
-- ANNEX COLLECTION (Main Library)
-- 0.00
-- 710242
-- CBU-MAIN LIBRARY (Kitwe)
-- 3
-- 0.00
-- HD 82 Lou
-- 3
-- AVAILABLE
-- 003911
-- Annex Low-Usage Collection
999 ## -
-- 79577
-- 79577
Holdings
Withdrawn status Lost status Source of classification or shelving scheme Damaged status Not for loan Permanent Location Current Location Shelving location Date acquired Total Checkouts Full call number Barcode Date last seen Copy number Price effective from Koha item type
          CBU-MAIN LIBRARY, KITWE. CBU-MAIN LIBRARY, KITWE.   06/29/2023   HD 82 Lou 003909 06/29/2023 1 06/29/2023 MONOGRAPH
          CBU-MAIN LIBRARY, KITWE. CBU-MAIN LIBRARY, KITWE.   06/29/2023   HD 82 Lou 003910 06/29/2023 2 06/29/2023 MONOGRAPH
          CBU-MAIN LIBRARY, KITWE. CBU-MAIN LIBRARY, KITWE.   06/29/2023   HD 82 Lou 003911 06/29/2023 3 06/29/2023 MONOGRAPH